[Event "PRO League Stage"]
[Site "Chess.com INT"]
[Date "2019.03.13"]
[Round "10"]
[White "Aleskerov, Faik"]
[Black "Tang, Andrew"]
[Result "1/2-1/2"]
[WhiteElo "2315"]
[BlackElo "2487"]
[PlyCount "141"]
[EventDate "2019.01.08"]
[EventType "team-swiss (rapid)"]
[EventRounds "10"]
[EventCountry "USA"]
[SourceTitle "CBM 189 Extra"]
[Source "ChessBase"]
[SourceDate "2019.05.31"]
[SourceVersion "1"]
[SourceVersionDate "2019.05.31"]
[SourceQuality "1"]
[WhiteTeam "San Jose Hackers"]
[BlackTeam "Minnesota Blizzard"]
[WhiteTeamCountry "USA"]
[BlackTeamCountry "USA"]

1. e4 e5 2. Nf3 Nc6 3. d4 exd4 4. Bc4 Nf6 5. 0-0 Nxe4 6. Re1 d5 7. Bxd5 Qxd5 8. Nc3 Qa5 9. Nxe4 Be6 10. Neg5 0-0-0 11. Nxe6 fxe6 12. Rxe6 Qd5 13. Qe2 Bd6 14. Bg5 Rdf8 15. Re1 b6 16. Bh4 Kb7 17. Bg3 Bxg3 18. hxg3 Rd8 19. a3 h6 20. b4 a6 21. Qd3 Rd6 22. Rxd6 Qxd6 23. c3 dxc3 24. Qxc3 Qd7 25. a4 Rd8 26. b5 axb5 27. axb5 Na7 28. Ne5 Nxb5 29. Qb3 Qd5 30. Qa4 Nc3 31. Qa1 Qd2 32. Nf3 Qc2 33. Kh2 Ra8 34. Qc1 Qxc1 35. Rxc1 Ne4 36. Rc2 Rd8 37. Re2 Nc5 38. g4 Nd3 39. g5 Rd6 40. Re7 Rg6 41. Kg3 hxg5 42. Nd4 Nc5 43. Nb5 Rc6 44. Rxg7 Ne6 45. Re7 Rc5 46. Nd6+ Kc6 47. Ne8 Re5 48. Nxc7 Kd6 49. Rxe6+ Rxe6 50. Nxe6 Kxe6 51. Kf3 Kd5 52. Ke3 g4 53. Kd3 b5 54. f3 g3 55. Kc3 Kc5 56. Kd3 b4 57. Kd2 Kd4 58. Kc2 Ke3 59. Kb3 Kf2 60. f4 Kxg2 61. f5 Kh2 62. f6 g2 63. f7 g1Q 64. f8Q Qb1+ 65. Ka4 b3 66. Qh6+ Kg2 67. Qg5+ Kf2 68. Qf6+ Ke2 69. Qe6+ Kd2 70. Qxb3 Qxb3+ 71. Kxb3 1/2-1/2

[Event "PRO League Stage"]
[Site "Chess.com INT"]
[Date "2019.03.13"]
[Round "10"]
[White "Preotu, Razvan"]
[Black "Aleskerov, Faik"]
[Result "0-1"]
[WhiteElo "2524"]
[BlackElo "2315"]
[PlyCount "130"]
[EventDate "2019.01.08"]
[EventType "team-swiss (rapid)"]
[EventRounds "10"]
[EventCountry "USA"]
[SourceTitle "CBM 189 Extra"]
[Source "ChessBase"]
[SourceDate "2019.05.31"]
[SourceVersion "1"]
[SourceVersionDate "2019.05.31"]
[SourceQuality "1"]
[WhiteTeam "Dallas Destiny"]
[BlackTeam "San Jose Hackers"]
[WhiteTeamCountry "USA"]
[BlackTeamCountry "USA"]

1. e4 e5 2. Nf3 Nf6 3. Nxe5 d6 4. Nf3 Nxe4 5. Nc3 Nxc3 6. dxc3 Be7 7. Be3 Nc6 8. Qd2 Bg4 9. Nd4 Bf6 10. Nxc6 bxc6 11. h3 Be6 12. g4 a5 13. Bg2 d5 14. 0-0 Be7 15. f4 f5 16. Rae1 0-0 17. Bd4 Bf7 18. g5 a4 19. Bf3 Rb8 20. b3 Qd7 21. Re2 Bd6 22. Rfe1 Rfe8 23. Be5 Bf8 24. Kg2 Ra8 25. h4 axb3 26. cxb3 c5 27. h5 Ra6 28. b4 Rea8 29. bxc5 Bxc5 30. Bd4 Bf8 31. Qe3 Rxa2 32. Rxa2 Rxa2+ 33. Re2 Ra8 34. Qd3 c5 35. Be5 Ra3 36. Qd2 d4 37. cxd4 Rxf3 38. Kxf3 Bxh5+ 39. Kf2 Bxe2 40. Qxe2 Qd5 41. Qf3 Qxf3+ 42. Kxf3 cxd4 43. Bxd4 Kf7 44. Bc3 Ke6 45. Bb2 Kd5 46. Bc3 Ke6 47. Bb2 Kf7 48. Bc3 Kg6 49. Bb2 h6 50. gxh6 gxh6 51. Bc3 h5 52. Be1 Be7 53. Bf2 Kf7 54. Be1 Ke6 55. Bf2 Kd5 56. Be1 Kc4 57. Bf2 Kd3 58. Be1 Kc2 59. Ke2 h4 60. Kf3 Kd1 61. Bf2 Bd8 62. Bd4 Ke1 63. Bc5 Kf1 64. Bd4 Ba5 65. Bf2 h3 0-1

[Event "PRO League Stage"]
[Site "Chess.com INT"]
[Date "2018.02.28"]
[Round "8"]
[White "Tiglon, Bryce"]
[Black "Aleskerov, Faik"]
[Result "1-0"]
[WhiteElo "2385"]
[BlackElo "2315"]
[PlyCount "73"]
[EventDate "2018.01.18"]
[EventType "team-swiss (rapid)"]
[EventRounds "9"]
[EventCountry "USA"]
[SourceTitle "EXT 2019"]
[Source "ChessBase"]
[SourceDate "2018.10.10"]
[SourceVersion "1"]
[SourceVersionDate "2018.10.10"]
[SourceQuality "1"]
[WhiteTeam "Seattle Sluggers"]
[BlackTeam "San Jose Hackers"]
[WhiteTeamCountry "USA"]
[BlackTeamCountry "USA"]

1. e4 d5 2. exd5 Nf6 3. d4 Nxd5 4. Nf3 g6 5. Be2 Bg7 6. 0-0 0-0 7. h3 Nb6 8. c4 c5 9. Be3 Nc6 10. d5 Bxb2 11. Nbd2 Nd4 12. Rb1 Nxe2+ 13. Qxe2 Bg7 14. Bxc5 Re8 15. Qe3 Nd7 16. Bd4 e5 17. dxe6 Rxe6 18. Qc3 Nf6 19. Rfd1 Qe8 20. Ng5 Rc6 21. Re1 Qf8 22. Nde4 Nxe4 23. Nxe4 f6 24. c5 b6 25. Nd6 Ba6 26. Qb3+ Kh8 27. Nf7+ Kg8 28. Nh6+ Kh8 29. Nf7+ Kg8 30. Ne5+ Kh8 31. Nxc6 Bb7 32. Na5 Bc8 33. cxb6 axb6 34. Bxb6 Bf5 35. Rbd1 h5 36. Nc6 Ra6 37. Rd8 1-0

[Event "PRO League KO Stage"]
[Site "Chess.com INT"]
[Date "2017.03.08"]
[Round "2"]
[White "De Vreesse, Seppe"]
[Black "Aleskerov, Faik"]
[Result "1-0"]
[WhiteElo "2229"]
[BlackElo "2315"]
[PlyCount "131"]
[EventDate "2017.03.01"]
[EventType "team-k.o. (rapid)"]
[EventRounds "5"]
[EventCountry "USA"]
[SourceTitle "CBM 177 Extra"]
[Source "ChessBase"]
[SourceDate "2017.04.27"]
[SourceVersion "1"]
[SourceVersionDate "2017.04.27"]
[SourceQuality "1"]
[WhiteTeam "Webster Windmills"]
[BlackTeam "San Jose Hackers"]
[WhiteTeamCountry "USA"]
[BlackTeamCountry "USA"]

1. e4 g6 2. d4 Bg7 3. Nf3 c6 4. h3 d5 5. e5 c5 6. dxc5 Nc6 7. Bb5 f6 8. Nc3 e6 9. Bf4 Nge7 10. Qd2 0-0 11. exf6 Bxf6 12. 0-0 Qa5 13. Bxc6 Nxc6 14. Bd6 Re8 15. Rae1 Bg7 16. Nxd5 Qxd2 17. Nxd2 Rd8 18. Nc7 Rb8 19. Nc4 b5 20. cxb6 Rb7 21. bxa7 Rxa7 22. Nxe6 Bxe6 23. Rxe6 Nd4 24. Re4 Ra4 25. Be7 Rb8 26. b3 Rxa2 27. Bd6 Rd8 28. Rfe1 Nf5 29. Re8+ Rxe8 30. Rxe8+ Kf7 31. Re2 Bc3 32. Be5 Nd4 33. Bxd4 Bxd4 34. g3 h5 35. Kg2 Kf6 36. h4 g5 37. hxg5+ Kxg5 38. Nd6 Bb6 39. Nf7+ Kf6 40. Ne5 Kf5 41. Nd3 Bd4 42. Kf3 Bc3 43. Nf4 Kg5 44. Nd5 Bg7 45. c4 Ra3 46. Re3 Bd4 47. Rd3 Bc5 48. Nf4 Kf6 49. Nxh5+ Kg5 50. Nf4 Kf6 51. b4 Bxb4 52. Rxa3 Bxa3 53. Ke4 Bb4 54. Nd3 Bd2 55. f4 Ke6 56. g4 Kf6 57. c5 Ba5 58. Kd5 Ke7 59. Ne5 Bd2 60. f5 Kf6 61. c6 Ba5 62. Nd7+ Kg5 63. f6 Kg6 64. Ke6 Bd8 65. f7 Be7 66. c7 1-0

[Event "PRO League Stage"]
[Site "Chess.com INT"]
[Date "2017.02.22"]
[Round "7"]
[White "Akobian, Varuzhan"]
[Black "Aleskerov, Faik"]
[Result "1-0"]
[WhiteElo "2633"]
[BlackElo "2315"]
[PlyCount "85"]
[EventDate "2017.01.11"]
[EventType "team-swiss (rapid)"]
[EventRounds "7"]
[EventCountry "USA"]
[SourceTitle "EXT 2018"]
[Source "ChessBase"]
[SourceDate "2017.10.13"]
[SourceVersion "1"]
[SourceVersionDate "2017.10.13"]
[SourceQuality "1"]
[WhiteTeam "St Louis Arch Bishops"]
[BlackTeam "San Jose Hackers"]
[WhiteTeamCountry "USA"]
[BlackTeamCountry "USA"]

1. d4 Nf6 2. c4 e6 3. Nf3 d5 4. Nc3 c6 5. e3 Bd6 6. Qc2 Nbd7 7. Bd3 0-0 8. 0-0 dxc4 9. Bxc4 e5 10. Bb3 exd4 11. exd4 Nb6 12. Bg5 Be7 13. Rfe1 Bg4 14. Ne5 Bh5 15. Qf5 g6 16. Qf4 Nfd5 17. Bxe7 Qxe7 18. Nxd5 Nxd5 19. Bxd5 cxd5 20. g4 Qh4 21. Qg3 Qxg3+ 22. hxg3 f6 23. gxh5 fxe5 24. Rxe5 Rac8 25. hxg6 hxg6 26. Rae1 Rc4 27. Rg5 Rc2 28. f4 Rf6 29. Rxd5 Rxb2 30. a4 Kg7 31. Rb5 Rxb5 32. axb5 Rb6 33. Re5 Kf6 34. Kf2 a5 35. bxa6 bxa6 36. Ra5 Rb3 37. Rxa6+ Kf5 38. Ra5+ Ke4 39. Re5+ Kxd4 40. Kg2 Rb2+ 41. Kh3 Rb3 42. Kg4 Ra3 43. Re6 1-0

[Event "PRO League Stage"]
[Site "Chess.com INT"]
[Date "2017.02.22"]
[Round "7"]
[White "Rosenthal, Nicholas"]
[Black "Aleskerov, Faik"]
[Result "0-1"]
[WhiteElo "2156"]
[BlackElo "2315"]
[PlyCount "102"]
[EventDate "2017.01.11"]
[EventType "team-swiss (rapid)"]
[EventRounds "7"]
[EventCountry "USA"]
[SourceTitle "EXT 2018"]
[Source "ChessBase"]
[SourceDate "2017.10.13"]
[SourceVersion "1"]
[SourceVersionDate "2017.10.13"]
[SourceQuality "1"]
[WhiteTeam "St Louis Arch Bishops"]
[BlackTeam "San Jose Hackers"]
[WhiteTeamCountry "USA"]
[BlackTeamCountry "USA"]

1. e4 g6 2. Nf3 Bg7 3. Bc4 c6 4. 0-0 d5 5. exd5 cxd5 6. Be2 Nc6 7. d4 Nf6 8. c3 0-0 9. Bf4 Qb6 10. Qc1 Bf5 11. Nbd2 Rac8 12. Nb3 a5 13. Nc5 Ne4 14. Be3 Nxc5 15. dxc5 Qc7 16. Rd1 Rfd8 17. Nd4 e5 18. Nb5 Qe7 19. Nd6 Rb8 20. Rxd5 Be6 21. Rd1 b6 22. Bf3 bxc5 23. Bxc5 Qc7 24. Ne4 Rxd1+ 25. Qxd1 Rxb2 26. Ng5 Bc4 27. Bxc6 h6 28. Ba3 Rb6 29. Nxf7 Bxf7 30. Bd5 Rf6 31. c4 Kh7 32. Qd2 Rf4 33. Bb2 Bf8 34. Re1 Bb4 35. Bxe5 Qxe5 36. Qxb4 Qxd5 37. Qb2 Qd4 38. Qe2 Qxc4 39. Qe3 Qd4 40. Qg3 Re4 41. Rc1 Qe5 42. f3 Qxg3 43. hxg3 Ra4 44. Rc7 Kg7 45. g4 Rxa2 46. Kh2 a4 47. f4 a3 48. f5 gxf5 49. gxf5 Rf2 50. Ra7 a2 51. Kh3 Rf1 0-1

[Event "PRO League Pacific"]
[Site "Chess.com INT"]
[Date "2017.02.01"]
[Round "4"]
[White "Aleskerov, Faik"]
[Black "Sheng, Joshua"]
[Result "1-0"]
[WhiteElo "2315"]
[BlackElo "2372"]
[PlyCount "39"]
[EventDate "2017.01.11"]
[EventType "team-swiss (rapid)"]
[EventRounds "7"]
[EventCountry "USA"]
[SourceTitle "CBM 176 Extra"]
[Source "ChessBase"]
[SourceDate "2017.03.02"]
[SourceVersion "1"]
[SourceVersionDate "2017.03.02"]
[SourceQuality "1"]
[WhiteTeam "San Jose Hackers"]
[BlackTeam "San Diego Surfers"]
[WhiteTeamCountry "USA"]
[BlackTeamCountry "USA"]

1. e4 c5 2. a3 e6 3. b4 cxb4 4. axb4 Bxb4 5. Bb2 Nf6 6. e5 Nd5 7. c4 Nc7 8. Bd3 Nc6 9. Qg4 0-0 10. Nf3 Be7 11. h4 f5 12. exf6 Bxf6 13. Bxh7+ Kxh7 14. Ng5+ Kg8 15. Qh5 Re8 16. Qf7+ Kh8 17. h5 Qe7 18. Qg6 Bxg5 19. h6 Kg8 20. Bxg7 1-0

[Event "PRO League Pacific"]
[Site "Chess.com INT"]
[Date "2017.01.18"]
[Round "2"]
[White "Bhat, Vinay S"]
[Black "Aleskerov, Faik"]
[Result "0-1"]
[WhiteElo "2519"]
[BlackElo "2315"]
[PlyCount "80"]
[EventDate "2017.01.11"]
[EventType "team-swiss (rapid)"]
[EventRounds "7"]
[EventCountry "USA"]
[SourceTitle "CBM 176 Extra"]
[Source "ChessBase"]
[SourceDate "2017.03.02"]
[SourceVersion "1"]
[SourceVersionDate "2017.03.02"]
[SourceQuality "1"]
[WhiteTeam "San Francisco Mechanics"]
[BlackTeam "San Jose Hackers"]
[WhiteTeamCountry "USA"]
[BlackTeamCountry "USA"]

1. d4 Nf6 2. c4 e6 3. Nc3 d5 4. cxd5 exd5 5. Bg5 Be7 6. e3 0-0 7. Bd3 c6 8. Qc2 Nbd7 9. Nge2 Re8 10. 0-0 Nf8 11. f3 b6 12. Rae1 Bb7 13. Kh1 c5 14. Bb5 N6d7 15. Bf4 a6 16. Bd3 Rc8 17. Qd2 Ng6 18. Bg3 Bh4 19. Bf5 Bxg3 20. Nxg3 Ne7 21. Bb1 Nf6 22. Rd1 Qc7 23. Rfe1 Rcd8 24. Nge2 Ng6 25. Ng3 Ne7 26. Rc1 Qd6 27. Red1 c4 28. e4 dxe4 29. fxe4 Ng4 30. Qe2 Bc8 31. e5 Qh6 32. h3 Rxd4 33. Rf1 Rf4 34. Nce4 Ng6 35. Qxc4 Bb7 36. Qe2 N6xe5 37. Rxf4 Qxf4 38. Rf1 Qh6 39. Nf5 Qh5 40. Neg3 Qxh3+ 0-1

[Event "US Masters op"]
[Site "Greensboro"]
[Date "2015.08.27"]
[Round "1"]
[White "Aleskerov, Faik"]
[Black "Kovalyov, Anton"]
[Result "1/2-1/2"]
[WhiteElo "2314"]
[BlackElo "2616"]
[PlyCount "70"]
[EventDate "2015.08.27"]
[EventType "swiss"]
[EventRounds "9"]
[EventCountry "USA"]
[SourceTitle "EXT 2016"]
[Source "ChessBase"]
[SourceDate "2015.10.08"]
[SourceVersion "1"]
[SourceVersionDate "2015.10.08"]
[SourceQuality "1"]

1. e4 c5 2. Nf3 e6 3. d4 cxd4 4. Nxd4 Nc6 5. Nc3 Qc7 6. Be3 a6 7. Be2 Nf6 8. a3 Be7 9. 0-0 0-0 10. Kh1 Ne5 11. f4 Nc4 12. Bc1 d6 13. Qd3 b5 14. Ndxb5 axb5 15. Nxb5 Qa5 16. Qxc4 Ba6 17. a4 Rfc8 18. Qd4 d5 19. Bd2 Qd8 20. exd5 Rxc2 21. d6 Bxd6 22. Bf3 Nd5 23. Bxd5 exd5 24. Bc3 Bf8 25. Qd3 Bxb5 26. axb5 Rxa1 27. Rxa1 Rf2 28. Qe3 Rc2 29. b6 Qd7 30. h3 Qc6 31. Qd3 Rf2 32. Qe3 Rc2 33. Qd3 Rf2 34. Qe3 Qd7 35. Qd3 Re2 1/2-1/2

[Event "Pan American Intercollegiate-chT"]
[Site "South Padre Island"]
[Date "2014.12.29"]
[Round "4.1"]
[White "Margvelashvili, Giorgi"]
[Black "Aleskerov, Faik"]
[Result "1-0"]
[WhiteElo "2536"]
[BlackElo "2312"]
[PlyCount "133"]
[EventDate "2014.12.27"]
[EventType "team-swiss"]
[EventRounds "6"]
[EventCountry "USA"]
[SourceTitle "CBM 164 Extra"]
[Source "ChessBase"]
[SourceDate "2015.03.02"]
[SourceVersion "1"]
[SourceVersionDate "2015.03.02"]
[SourceQuality "1"]
[WhiteTeam "Dallas UT"]
[BlackTeam "TXTEK II"]
[WhiteTeamCountry "USA"]
[BlackTeamCountry "USA"]

1. Nf3 c5 2. c4 Nc6 3. Nc3 g6 4. e3 Bg7 5. d4 cxd4 6. exd4 d6 7. d5 Nb8 8. Be2 Nf6 9. h3 0-0 10. 0-0 Nbd7 11. Be3 Nc5 12. Re1 Bf5 13. Nd4 Bd7 14. Bf3 Rc8 15. b3 Kh8 16. Qd2 Ng8 17. Rac1 Qa5 18. Rb1 Qd8 19. b4 Na6 20. Be2 Nc7 21. c5 Ne8 22. Rec1 e5 23. dxe6 fxe6 24. Ndb5 d5 25. Nxa7 Ra8 26. Nab5 Bc6 27. Nd4 Qf6 28. f4 Ne7 29. Bg4 Bd7 30. Nde2 Qf7 31. Bd4 Nf6 32. Bf3 Nf5 33. Be5 Nh4 34. Rf1 Bc6 35. Nd4 Nxf3+ 36. Nxf3 d4 37. Nxd4 Ne4 38. Nxe4 Bxe4 39. Bxg7+ Kxg7 40. Rbe1 Bd5 41. a3 Kg8 42. Qe3 Rfe8 43. Nf3 Ra6 44. Ne5 Qf5 45. Ng4 Qf8 46. Qc3 Rd8 47. Nf6+ Kf7 48. Nxh7 Qg7 49. Ng5+ Kg8 50. Qxg7+ Kxg7 51. b5 Rxa3 52. Nxe6+ Bxe6 53. Rxe6 Rd5 54. Re7+ Kf6 55. Rxb7 Rxc5 56. Rf2 Rb3 57. Kh2 Kf5 58. b6 Rc6 59. Rb8 Kf6 60. b7 Kg7 61. Rc8 Rcb6 62. Rc7+ Kh6 63. f5 Rf6 64. Rf3 Rbb6 65. fxg6 Rxf3 66. gxf3 Kxg6 67. Rc6+ 1-0

[Event "Pan American Intercollegiate-chT"]
[Site "South Padre Island"]
[Date "2014.12.28"]
[Round "3.4"]
[White "Aleskerov, Faik"]
[Black "Kovalyov, Anton"]
[Result "1-0"]
[WhiteElo "2312"]
[BlackElo "2619"]
[PlyCount "65"]
[EventDate "2014.12.27"]
[EventType "team-swiss"]
[EventRounds "6"]
[EventCountry "USA"]
[SourceTitle "CBM 164 Extra"]
[Source "ChessBase"]
[SourceDate "2015.03.02"]
[SourceVersion "1"]
[SourceVersionDate "2015.03.02"]
[SourceQuality "1"]
[WhiteTeam "TXTEK II"]
[BlackTeam "UTBR"]
[WhiteTeamCountry "USA"]
[BlackTeamCountry "USA"]

1. e4 c5 2. Nf3 d6 3. Bb5+ Nd7 4. 0-0 a6 5. Bd3 Ngf6 6. c3 b5 7. a4 c4 8. Bc2 Bb7 9. axb5 axb5 10. Rxa8 Bxa8 11. Qe2 Nc5 12. Na3 Bxe4 13. Bxe4 Nfxe4 14. b4 cxb3 15. Qxb5+ Qd7 16. Qb8+ Qd8 17. Qb5+ Nd7 18. Re1 Nef6 19. Qxb3 e6 20. Nd4 d5 21. c4 Bc5 22. cxd5 Bxd4 23. dxe6 Nc5 24. Qb5+ Ke7 25. Nc2 Bxf2+ 26. Kxf2 Nd3+ 27. Kg1 Nxe1 28. Ba3+ Kxe6 29. Ne3 Qd3 30. Qc6+ Ke5 31. Bd6+ Ke6 32. Bc7+ Ke7 33. Nf5+ 1-0

[Event "Dallas UTD Spring op"]
[Site "Dallas"]
[Date "2014.03.13"]
[Round "9"]
[White "Aleskerov, Faik"]
[Black "Li, Ruifeng"]
[Result "1/2-1/2"]
[WhiteElo "2312"]
[BlackElo "2252"]
[PlyCount "101"]
[EventDate "2014.03.08"]
[EventType "swiss"]
[EventRounds "9"]
[EventCountry "USA"]
[SourceTitle "CBM 159 Extra"]
[Source "ChessBase"]
[SourceDate "2014.04.24"]
[SourceVersion "1"]
[SourceVersionDate "2014.04.24"]
[SourceQuality "1"]

1. e4 c5 2. Nf3 d6 3. g3 Nf6 4. d3 g6 5. Bg2 Bg7 6. 0-0 Nc6 7. Bd2 0-0 8. Qc1 Rb8 9. Bh6 b5 10. Nc3 Bd7 11. Nd5 Nxd5 12. exd5 Nb4 13. Bxg7 Kxg7 14. Nd2 e6 15. dxe6 Bxe6 16. a3 Nd5 17. d4 cxd4 18. Nb3 d3 19. Rd1 dxc2 20. Rxd5 Bxd5 21. Bxd5 Rc8 22. Nd4 Rc5 23. Bb3 Qc7 24. a4 b4 25. Nxc2 Rc8 26. Qd2 Rxc2 27. Bxc2 Qxc2 28. Qxb4 Qc5 29. Qxc5 Rxc5 30. Rd1 Rc6 31. b4 Kf8 32. b5 Rb6 33. Rc1 a6 34. bxa6 Rxa6 35. Rc4 Ke7 36. Kg2 d5 37. Rb4 Ra7 38. Kf3 Kd6 39. Ke3 Kc5 40. Rf4 f5 41. Kd3 Rb7 42. Kc3 Rb1 43. g4 fxg4 44. Rxg4 Rh1 45. h4 Rh3+ 46. Kd2 d4 47. a5 Ra3 48. Rg3 Ra2+ 49. Kd3 Rxf2 50. Rg5+ Kc6 51. h5 1/2-1/2

[Event "Dallas UTD Spring op"]
[Site "Dallas"]
[Date "2014.03.10"]
[Round "5"]
[White "Sevian, Samuel"]
[Black "Aleskerov, Faik"]
[Result "1-0"]
[WhiteElo "2429"]
[BlackElo "2312"]
[PlyCount "79"]
[EventDate "2014.03.08"]
[EventType "swiss"]
[EventRounds "9"]
[EventCountry "USA"]
[SourceTitle "CBM 159 Extra"]
[Source "ChessBase"]
[SourceDate "2014.04.24"]
[SourceVersion "1"]
[SourceVersionDate "2014.04.24"]
[SourceQuality "1"]

1. e4 e5 2. Bc4 Nf6 3. d3 c6 4. Nf3 d5 5. Bb3 Bg4 6. h3 Bxf3 7. Qxf3 dxe4 8. dxe4 Nbd7 9. c3 Nc5 10. Bc2 Be7 11. Nd2 0-0 12. Nc4 Qc7 13. Ne3 g6 14. Ng4 Nh5 15. Nh6+ Kh8 16. b4 Ne6 17. Nxf7+ Rxf7 18. Qxf7 Bxb4 19. Qxc7 Bxc3+ 20. Bd2 Bxd2+ 21. Kxd2 Nxc7 22. Ke3 Nf4 23. g3 Nfe6 24. Bb3 Rf8 25. Rad1 Nd4 26. f4 c5 27. Rhf1 exf4+ 28. Rxf4 Re8 29. Rf7 Ncb5 30. Ba4 a6 31. Bxb5 axb5 32. Rxb7 Rf8 33. e5 Nf5+ 34. Kd2 Nxg3 35. Kc2 Nf5 36. Rdd7 h5 37. Kd3 c4+ 38. Kc3 Re8 39. Rxb5 g5 40. e6 1-0

[Event "Houston op"]
[Site "Houston"]
[Date "2013.11.10"]
[Round "5"]
[White "Nemcova, Katerina"]
[Black "Aleskerov, Faik"]
[Result "1/2-1/2"]
[WhiteElo "2296"]
[BlackElo "2337"]
[PlyCount "53"]
[EventDate "2013.11.08"]
[EventType "swiss"]
[EventRounds "5"]
[EventCountry "USA"]
[SourceTitle "CBM 157 Extra"]
[Source "ChessBase"]
[SourceDate "2013.12.19"]
[SourceVersion "1"]
[SourceVersionDate "2013.12.19"]
[SourceQuality "1"]

1. e4 c6 2. d4 d5 3. Nc3 g6 4. h3 Bg7 5. Nf3 dxe4 6. Nxe4 Nd7 7. Bd3 Ngf6 8. Nxf6+ Nxf6 9. 0-0 0-0 10. Re1 b6 11. Qe2 e6 12. Bf4 Bb7 13. Be5 Qe7 14. c3 Rad8 15. Rad1 c5 16. Bb5 Ba8 17. Bc4 Bc6 18. Bb5 Bxf3 19. Qxf3 cxd4 20. Bxd4 Ne8 21. Bxe8 Bxd4 22. Bc6 Bc5 23. g3 Rxd1 24. Rxd1 Rd8 25. Be4 Rxd1+ 26. Qxd1 Qf6 27. Bf3 1/2-1/2

[Event "Houston op"]
[Site "Houston"]
[Date "2013.11.09"]
[Round "2"]
[White "Kovalyov, Anton"]
[Black "Aleskerov, Faik"]
[Result "1-0"]
[WhiteElo "2615"]
[BlackElo "2337"]
[PlyCount "27"]
[EventDate "2013.11.08"]
[EventType "swiss"]
[EventRounds "5"]
[EventCountry "USA"]
[SourceTitle "CBM 157 Extra"]
[Source "ChessBase"]
[SourceDate "2013.12.19"]
[SourceVersion "1"]
[SourceVersionDate "2013.12.19"]
[SourceQuality "1"]

1. e4 e6 2. c4 d5 3. Nf3 Nf6 4. d4 Be7 5. Be2 0-0 6. Qd3 Nbd7 7. 0-0 Re8 8. Nc3 Nf8 9. Rb1 Ng6 10. b4 Nd7 11. Nxd5 Ngf8 12. c5 Nf6 13. Rd1 b5 14. Nxf6+ 1-0

[Event "Nakhchivan op"]
[Site "Nakhchivan"]
[Date "2013.04.23"]
[Round "2"]
[White "Aleskerov, Faik"]
[Black "Mammadova, Gulnar Marfat Qizi"]
[Result "1/2-1/2"]
[WhiteElo "2384"]
[BlackElo "2322"]
[PlyCount "52"]
[EventDate "2013.04.22"]
[EventType "swiss"]
[EventRounds "9"]
[EventCountry "AZE"]
[SourceTitle "CBM 154 Extra"]
[Source "ChessBase"]
[SourceDate "2013.06.25"]
[SourceVersion "2"]
[SourceVersionDate "2013.06.25"]
[SourceQuality "1"]

1. e4 e6 2. c4 d5 3. exd5 exd5 4. cxd5 Nf6 5. Bb5+ Nbd7 6. Nc3 Be7 7. Nge2 0-0 8. 0-0 Nb6 9. d4 Nbxd5 10. Qb3 c6 11. Bc4 Be6 12. Nxd5 Nxd5 13. Bxd5 Bxd5 14. Qxb7 a5 15. Nc3 Bb4 16. Bf4 Bxc3 17. bxc3 Qf6 18. Bg3 h5 19. h4 g5 20. hxg5 Qxg5 21. Qc7 Rfe8 22. Rfe1 h4 23. Rxe8+ Rxe8 24. Qf4 Qxf4 25. Bxf4 a4 26. a3 f6 1/2-1/2

[Event "Richardson UTD op"]
[Site "Richardson"]
[Date "2013.03.11"]
[Round "5"]
[White "Adamson, Robby"]
[Black "Aleskerov, Faik"]
[Result "1-0"]
[WhiteElo "2291"]
[BlackElo "2409"]
[PlyCount "93"]
[EventDate "2013.03.09"]
[EventType "swiss"]
[EventRounds "9"]
[EventCountry "USA"]
[SourceTitle "CBM 153 Extra"]
[Source "ChessBase"]
[SourceDate "2013.04.22"]
[SourceVersion "1"]
[SourceVersionDate "2013.04.22"]
[SourceQuality "1"]

1. e4 g6 2. d4 Bg7 3. Nc3 d5 4. exd5 Nf6 5. Bc4 Nbd7 6. Nf3 Nb6 7. Bb3 Nbxd5 8. Nxd5 Nxd5 9. 0-0 0-0 10. Re1 e6 11. Bg5 Bf6 12. Bh6 Bg7 13. Qd2 b6 14. c4 Nf6 15. Rad1 Bb7 16. Ne5 Ne4 17. Qe3 Nxf2 18. Qxf2 Bxh6 19. d5 exd5 20. cxd5 Bg7 21. Nxf7 Qf6 22. Qxf6 Bxf6 23. d6 Rxf7 24. dxc7 Kg7 25. Bxf7 Kxf7 26. Rd7+ Kf8 27. Rf1 Ke8 28. Rxh7 Bxb2 29. Re1+ Kf8 30. Rd7 Rc8 31. Rd8+ Kf7 32. Rxc8 Bxc8 33. Rd1 Ke6 34. Rd8 Ba6 35. c8Q+ Bxc8 36. Rxc8 Kd5 37. Rg8 a5 38. Rxg6 b5 39. Kf1 Kc4 40. Ke2 Kb4 41. Rg3 Be5 42. Rb3+ Kc4 43. h4 b4 44. Kd1 a4 45. Re3 Bc3 46. Kc2 Bf6 47. Re4+ 1-0

[Event "Los Angeles Metropolitan 14th"]
[Site "Los Angeles"]
[Date "2011.12.10"]
[Round "6"]
[White "Remlinger, Larry"]
[Black "Aleskerov, Faik"]
[Result "1/2-1/2"]
[WhiteElo "2409"]
[BlackElo "2339"]
[PlyCount "100"]
[EventDate "2011.12.07"]
[EventType "tourn"]
[EventRounds "9"]
[EventCountry "USA"]
[EventCategory "2"]
[SourceTitle "CBM 146 Extra"]
[Source "ChessBase"]
[SourceDate "2012.02.29"]
[SourceVersion "1"]
[SourceVersionDate "2012.02.29"]
[SourceQuality "1"]

1. d4 d5 2. c4 Nc6 3. Nf3 e5 4. dxe5 Bb4+ 5. Bd2 dxc4 6. Qa4 Qe7 7. e3 Bd7 8. Bxc4 Bxd2+ 9. Nbxd2 Nxe5 10. Qa5 Nxc4 11. Nxc4 Be6 12. Rc1 b6 13. Qb5+ Qd7 14. Qe5 f6 15. Qg3 Nh6 16. 0-0 0-0 17. Rfd1 Qf7 18. b3 Rad8 19. Ncd2 Rd7 20. Ne4 Rxd1+ 21. Rxd1 Qg6 22. Qxg6 hxg6 23. Nd4 Rd8 24. Rc1 Bd5 25. Nc3 Bb7 26. b4 a6 27. Nce2 Rd7 28. f3 Nf7 29. Kf2 Ne5 30. Rc3 Bd5 31. a3 Bc4 32. e4 b5 33. h3 Kf7 34. f4 c5 35. bxc5 Nd3+ 36. Ke3 Nxc5 37. Ng3 Rd8 38. Rc2 a5 39. Nxb5 Rd3+ 40. Kf2 Nxe4+ 41. Nxe4 Bxb5 42. Rc5 Ba4 43. Rxa5 Bc6 44. Ra7+ Kg8 45. Nc5 Rd2+ 46. Ke3 Rxg2 47. Ne6 Bd5 48. Rxg7+ Kh8 49. Re7 Bxe6 50. Rxe6 Rg3+ 1/2-1/2